Kraje z najokrutniejszymi karami szkolnymi 2026 - Statystyki

Ogólne statystyki
  • Ten quiz został rozwiązany 14 razy
  • Średni wynik to 11 z 20
Statystyki odpowiedzi
Miejsce Kara Kraj % Poprawnych
4 Publiczne zawstydzanie, stanie godzinami, ćwiczenia fizyczne, prace porządkowe. Chiny
83%
15 bicie, publiczne zawstydzanie, prace porządkowe. Egipt
83%
16 fizyczne kary dyscyplinarne, izolacja, publiczne nagany. Arabia Saudyjska
75%
19 paddling, zawieszenia. USA
75%
5 Bicie kijem, klęczenie, stanie na słońcu, wymuszone pozycje ciała. Indie
67%
8 Przysiady, stanie na boisku w słońcu, prace porządkowe Indonezja
67%
9 Publiczne zawstydzanie, ćwicze-nia fizyczne, izolacja ucznia. Filipiny
58%
3 Bicie, zmuszanie do sprzątania, odpowiedzialność za klase Japonia
58%
2 Bicie kijem, długie stanie, intensywne ćwiczenia fizyczne Korea Południowa
58%
14 klęczenie przez długi czas stanie na kolanach. RPA
58%
17 fizyczne, izolacja i surowa dyscyplina Zjednoczone Emiraty Arabskie
58%
20 chłosta, izolacja, zawieszenia i restrykcyjne środki. Australia
50%
13 bicie, zmuszanie do pracy fizycznej, stanie na słońcu. Kenia
50%
11 chłosta (dla chłopców), publiczne nagany, sprzątanie. Malezja
50%
12 bicie kijem, stanie godzinami, ciężkie prace szkolne. Nigeria
50%
7 Bicie, zmuszanie do ćwiczeń, klęczenie przez długi czas. Bangladesz
42%
6 Bicie, ciągnięcie za uszy, publiczne upokarzanie. Pakistan
42%
10 Uderzenia, obcinanie włosów, ćwiczenia. Tajlandia
42%
1 Chłosta laską,publiczne nagany, stanie w złej pozycji. Singapur
25%
18 detencje, izolacja i restrykcyjna dyscyplina. Wielka Brytania
25%
Nie znaleziono quizów pasujących do podanych kryteriów
Rozkład punktacji
Procent ludzi z każdym wynikiem
Percentyl według liczby udzielonych odpowiedzi
Twoja historia wyników
Nie rozwiązałeś tego quizu